Countries That Contain W - Statistics

General Stats
  • This quiz has been taken 153 times
  • The average score is 8 of 12
Answer Stats
Answer % Correct
Sweden
83%
New Zealand
80%
Switzerland
79%
Swaziland
73%
Botswana
70%
Rwanda
66%
Malawi
61%
Zimbabawe
61%
Norway
51%
Kuwait
48%
Papua New Guinea
48%
Taiwan
44%
No matching quizzes found
Score Distribution
Percent of People with Each Score
Percentile by Number Answered
Your Score History
You have not taken this quiz